[Event "Mittelfranken-chTB2a 1718"]
[Site "Mittelfranken"]
[Date "2018.01.28"]
[Round "4.2"]
[White "Merz, Andreas"]
[Black "Vasilache, Catalin"]
[Result "1-0"]
[WhiteElo "1874"]
[BlackElo "1973"]
[PlyCount "111"]
[EventDate "2017.10.08"]
[EventType "team-tourn"]
[EventRounds "9"]
[EventCountry "GER"]
[SourceTitle "EXT 2022"]
[Source "ChessBase"]
[SourceDate "2021.10.06"]
[SourceVersion "1"]
[SourceVersionDate "2021.10.06"]
[SourceQuality "1"]
[WhiteTeam "Treuchtlingen/Wet SG"]
[BlackTeam "Buechenbach/Roth II"]
[WhiteTeamCountry "GER"]
[BlackTeamCountry "GER"]

1. e4 Nf6 2. e5 Nd5 3. Nc3 e6 4. Nf3 Be7 5. Bc4 Nb6 6. Bb3 d6 7. d4 0-0 8. Be3 dxe5 9. Nxe5 N8d7 10. f4 c5 11. Qe2 cxd4 12. Bxd4 a6 13. Nxf7 Qc7 14. Qxe6 Nf6 15. Qxb6 Qxb6 16. Bxb6 Rxf7 17. 0-0 Bf5 18. Rfe1 Bd6 19. g3 Kf8 20. Bxf7 Kxf7 21. Re2 Rc8 22. a3 h5 23. Rd2 Rc6 24. Bf2 Ng4 25. Bd4 Nh6 26. Rad1 Bg4 27. Re1 Nf5 28. Ba7 Be7 29. Rd7 b6 30. Nd5 Re6 31. Rxe6 Kxe6 32. Rxe7+ Nxe7 33. Ne3 Nc8 34. Nxg4 hxg4 35. Bb8 b5 36. Kf2 Kd5 37. Ke3 Ne7 38. Be5 g6 39. b3 Nc6 40. Bb2 Ne7 41. Kd3 Nc6 42. Bf6 Na5 43. Bg7 Kd6 44. Ke4 Ke6 45. Bb2 Nb7 46. Be5 Na5 47. Kd4 Nb7 48. c4 Na5 49. cxb5 axb5 50. Kc5 Nxb3+ 51. Kxb5 Kd7 52. a4 Kc8 53. Kb6 Nd2 54. a5 Nc4+ 55. Kb5 Na3+ 56. Kc6 1-0

[Event "Mittelfranken-ch HT 61st"]
[Site "Weissenburg"]
[Date "2012.04.04"]
[Round "6"]
[White "Merz, Andreas"]
[Black "Vogt, Peter"]
[Result "1-0"]
[WhiteElo "1808"]
[BlackElo "1885"]
[PlyCount "131"]
[EventDate "2012.04.02"]
[EventType "swiss"]
[EventRounds "7"]
[EventCountry "GER"]
[SourceTitle "EXT 2015"]
[Source "ChessBase"]
[SourceDate "2014.11.20"]
[SourceVersion "1"]
[SourceVersionDate "2014.11.20"]
[SourceQuality "1"]

1. e4 c5 2. Nf3 d6 3. d4 cxd4 4. Nxd4 Nf6 5. Nc3 a6 6. Be2 e5 7. Nb3 Be7 8. Bg5 0-0 9. Bxf6 Bxf6 10. Nd5 Bg5 11. Bg4 f5 12. exf5 Bxf5 13. Bxf5 Rxf5 14. Qg4 Rf7 15. h4 Bh6 16. Qe6 Nc6 17. g4 Bf4 18. Nxf4 exf4 19. 0-0-0 Qb6 20. Rhf1 Qb5 21. Rfe1 Nb4 22. a3 Nc6 23. Rxd6 Qb6 24. Rd7 Raf8 25. Rxf7 Rxf7 26. Qc8+ Nd8 27. Re8+ Rf8 28. Rxf8+ Kxf8 29. Qf5+ Kg8 30. Qxf4 Ne6 31. Qe3 Qd6 32. Nd2 Qc6 33. f3 h6 34. Ne4 Qb5 35. Nd2 Qc6 36. g5 hxg5 37. hxg5 Qd5 38. Qe4 Qd6 39. Nc4 Qe7 40. f4 Qf7 41. Nd6 Qxf4+ 42. Qxf4 Nxf4 43. Nxb7 Ne6 44. Kd2 Nxg5 45. Ke3 Ne6 46. b4 Kf7 47. Ke4 Ke7 48. Kd5 g5 49. Nc5 Nc7+ 50. Ke5 Nb5 51. a4 Nc3 52. a5 Kd8 53. Nxa6 Kc8 54. Kf5 Nd5 55. Kxg5 Kb7 56. Nc5+ Kc6 57. Nd3 Kb5 58. Kg6 Kc4 59. a6 Kc3 60. b5 Nb6 61. Nc5 Kxc2 62. a7 Kc3 63. Nd7 Na8 64. b6 Nxb6 65. Nxb6 Kb4 66. a8Q 1-0

[Event "Mittelfranken-ch HT 61st"]
[Site "Weissenburg"]
[Date "2012.04.03"]
[Round "4"]
[White "Merz, Andreas"]
[Black "Bolten, Daniel"]
[Result "0-1"]
[WhiteElo "1808"]
[BlackElo "1978"]
[PlyCount "79"]
[EventDate "2012.04.02"]
[EventType "swiss"]
[EventRounds "7"]
[EventCountry "GER"]
[SourceTitle "EXT 2015"]
[Source "ChessBase"]
[SourceDate "2014.11.20"]
[SourceVersion "1"]
[SourceVersionDate "2014.11.20"]
[SourceQuality "1"]

1. e4 e6 2. d4 d5 3. Nd2 c5 4. Ngf3 Nf6 5. exd5 Qxd5 6. Bc4 Qd6 7. dxc5 Qxc5 8. 0-0 Be7 9. Qe2 Nbd7 10. Nb3 Qc7 11. Nbd4 Nb6 12. Bb3 0-0 13. Re1 Nbd5 14. Ng5 Qb6 15. Ndf3 h6 16. c4 Nc7 17. Ne4 Nxe4 18. Qxe4 Ne8 19. Ne5 Nf6 20. Qf3 Bd7 21. Qg3 Kh8 22. Qh3 Be8 23. Bc2 Ng8 24. Ng4 Qa5 25. Re5 Qc7 26. Nxh6 Nxh6 27. Bxh6 f5 28. Rxe6 Kg8 29. Bd2 Qd7 30. Re2 Bg6 31. Bc3 Bc5 32. Qg3 Qf7 33. Re5 Bd6 34. f4 Bxe5 35. Bxe5 a5 36. a4 Kh7 37. c5 Bh5 38. Bd6 Rfe8 39. Bb3 Qg6 40. Qxg6+ 0-1

[Event "Mittelfranken-ch HT 61st"]
[Site "Weissenburg"]
[Date "2012.04.03"]
[Round "3"]
[White "Mueller, Roland2"]
[Black "Merz, Andreas"]
[Result "0-1"]
[WhiteElo "1582"]
[BlackElo "1808"]
[PlyCount "44"]
[EventDate "2012.04.02"]
[EventType "swiss"]
[EventRounds "7"]
[EventCountry "GER"]
[SourceTitle "EXT 2015"]
[Source "ChessBase"]
[SourceDate "2014.11.20"]
[SourceVersion "1"]
[SourceVersionDate "2014.11.20"]
[SourceQuality "1"]

1. b3 e5 2. Bb2 Nc6 3. c4 Nf6 4. e3 d5 5. cxd5 Nxd5 6. a3 Bd6 7. d3 0-0 8. Nf3 Qf6 9. Be2 Qg6 10. 0-0 Bh3 11. Ne1 Be6 12. Nd2 Bc5 13. Nef3 Bxe3 14. Nxe5 Nxe5 15. Bxe5 Nf4 16. Bxf4 Bxf4 17. Kh1 Rad8 18. Nf3 Rd7 19. Qc2 Rfd8 20. Rfd1 Bd5 21. Ne1 Qh6 22. h3 Qxh3+ 0-1